000 00534nam a22001817a 4500
005 20170629154115.0
010 _aENG-119067
020 _c100.00
035 _aEN-102599
037 _bDBAD/PUB
082 _a651.26
100 _aMurthy, V. Bhaskara
245 _aBusiness data processing /
_cby V. Bhaskara Murthy
260 _aAndhra Pradesh
_bDuvvuri Publications
_c2009
270 _aM.I.G - 143, A.P.H.B. Colony, Andhra Predesh
300 _aVarious Pagings
_c23cm.(pbk)
942 _2ddc
_cEN
_h651.26
_mMUR
999 _c142180
_d142180